|
|
|
|
| LEADER |
00734nam a22001697a 4500 |
| 008 |
130617s2011 th\a||| |||| 00| 0 eng d |
| 040 |
|
|
|a BD-DhAAL
|c BD-DhAAL
|
| 082 |
|
|
|2 22
|a 363.3480954
|
| 245 |
|
|
|a Disaster response in Asia and the Pacific:
|b a guide to international tools and services
|
| 260 |
|
|
|a Bangkok :
|b OCHA
|c 2011
|
| 300 |
|
|
|a 72 p. :
|b ill. ;
|c 25 cm.
|
| 650 |
|
|
|a Disaster relief - Asia
|9 2125
|
| 710 |
|
|
|a United Nations Office for the Coordination of Humanitarian Affairs
|9 2124
|
| 541 |
|
|
|e 27164
|
| 942 |
|
|
|2 ddc
|c BK
|
| 999 |
|
|
|c 13583
|d 13583
|
| 952 |
|
|
|0 0
|1 0
|2 ddc
|4 0
|6 363_348095400000000_DIS
|7 0
|9 22720
|a BRACUL
|b BRACUL
|c GEN
|d 2013-06-17
|e VC, BRAC University
|l 1
|m 1
|o 363.3480954 DIS
|p 3010027164
|r 2015-04-09
|s 2014-12-02
|t 1
|w 2013-06-17
|y BK
|